000 00768cam a2200193 i 4500
005 20260126100743.0
008 250721s2024 gr 000 0 ara d
020 _a9789770322718
082 1 4 _a346.03
_bم ن ص
100 1 _aالمنصوري، محمد
_eمؤلف.
245 1 2 _aالاخطاء المرفقية ومسؤلية الادارة في التعويض /
_cالمحامي محمد العوامى المنصورى.
264 3 1 _aالاسكندرية :
_bمؤسسة المعرفة لنشر وتوزيع الكتب،
_c2024.
300 _a487 صفحة.
650 1 7 _aقانون الاخطاء.
650 1 7 _aمسؤولية الاشخاص.
650 1 7 _aالمسؤولية الادارية.
942 _2ddc
_cBK
999 _c146338
_d146338